[Event "12. Open de la Constitución"]
[Site "S. Sebastian de los Reyes ESP"]
[Date "2010.12.07"]
[Round "8.13"]
[White "Sebastian Enesco, Alex"]
[Black "Alvarez Gonzalez, Eduardo"]
[Result "0-1"]
[WhiteElo "1814"]
[BlackElo "1885"]
[PlyCount "120"]
[EventDate "2010.11.30"]
[EventType "swiss"]
[EventRounds "9"]
[EventCountry "ESP"]
[Source "lmi"]
[SourceDate "2010.11.30"]

1. e4 c6 2. c4 d5 3. e5 dxc4 4. Bxc4 Qd4 5. Qe2 Bg4 6. f3 Bh5 7. Nc3 e6 8. d3
Bb4 9. Bd2 Nd7 10. g4 Bg6 11. f4 Ne7 12. Nf3 Qb6 13. h4 h5 14. Be3 Bxc3+ 15.
bxc3 Qa5 16. Bd2 hxg4 17. Nd4 Nc5 18. f5 Nxf5 19. Qxg4 Bh5 20. Qg2 g6 21. Nxf5
exf5 22. Rb1 Qc7 23. O-O b5 24. Bxb5 O-O 25. Bxc6 Rac8 26. Bf3 Bxf3 27. Rxf3
Qxe5 28. d4 Qe4 29. Re1 Qxh4 30. dxc5 Rxc5 31. Rh3 Qf6 32. Bc1 Rc4 33. Rg3 Rxc3
34. Bb2 Qb6+ 35. Kh2 Rxg3 36. Kxg3 Qd6+ 37. Kf2 Rc8 38. Kg1 Qc5+ 39. Kh1 Qb4
40. Re3 Rd8 41. Rh3 Rd1+ 42. Kh2 Qf4+ 43. Qg3 Rd2+ 44. Kg1 Qxg3+ 45. Rxg3 Rxb2
46. Ra3 Rb7 47. Kf2 Kg7 48. Kf3 g5 49. Ra5 Kg6 50. a4 f6 51. Rc5 g4+ 52. Kf4
Rb4+ 53. Kg3 Rxa4 54. Rc8 Ra3+ 55. Kg2 a5 56. Ra8 f4 57. Ra6 Ra2+ 58. Kg1 Kg5
59. Ra8 f3 60. Re8 g3 0-1

[Event "12. Open de la Constitución"]
[Site "S. Sebastian de los Reyes ESP"]
[Date "2010.12.07"]
[Round "8.14"]
[White "Perez Cameselle, Francisco"]
[Black "Perez Alvarez, Javier"]
[Result "1-0"]
[WhiteElo "1882"]
[BlackElo "1776"]
[PlyCount "67"]
[EventDate "2010.11.30"]
[EventType "swiss"]
[EventRounds "9"]
[EventCountry "ESP"]
[Source "lmi"]
[SourceDate "2010.11.30"]

1. e4 e6 2. d3 d5 3. Nd2 Nf6 4. Ngf3 Nc6 5. e5 Nd7 6. Qe2 f6 7. exf6 Qxf6 8. d4
Bd6 9. Nb3 O-O 10. Bg5 Qf7 11. O-O-O e5 12. dxe5 Ndxe5 13. Nxe5 Nxe5 14. f3 c5
15. Qd2 d4 16. Kb1 Be6 17. Bh4 a5 18. Bg3 Qc7 19. c3 d3 20. f4 Nc4 21. Qf2 Bg4
22. Bxd3 Na3+ 23. bxa3 c4 24. Bxc4+ Qxc4 25. Rxd6 a4 26. Qd4 Bf5+ 27. Kb2 Qe2+
28. Qd2 Qb5 29. Rd5 Qb6 30. Qd4 Qa6 31. Nc5 Qb5+ 32. Ka1 Rae8 33. Ne6 Qe2 34.
Qxg7# 1-0

[Event "12. Open de la Constitución"]
[Site "S. Sebastian de los Reyes ESP"]
[Date "2010.12.07"]
[Round "8.15"]
[White "Camarero Izquierdo, Juan Carlos"]
[Black "Aragon Gutierrez, Alejandro"]
[Result "1-0"]
[WhiteElo "1876"]
[BlackElo "1745"]
[PlyCount "77"]
[EventDate "2010.11.30"]
[EventType "swiss"]
[EventRounds "9"]
[EventCountry "ESP"]
[Source "lmi"]
[SourceDate "2010.11.30"]

1. e4 e6 2. d4 d5 3. e5 c5 4. c3 Nc6 5. Nf3 Qb6 6. Bd3 cxd4 7. cxd4 Bd7 8. Bc2
Nb4 9. O-O Ne7 10. Nc3 Nxc2 11. Qxc2 Nf5 12. Rd1 Rc8 13. Qd2 Bb4 14. a3 Qa5 15.
g4 Ne7 16. Qg5 Bxc3 17. bxc3 Qxc3 18. Be3 Ng6 19. Kg2 O-O 20. Qh5 Ne7 21. Ng5
Qc2 22. Qh3 Qg6 23. Rdb1 b6 24. a4 Nc6 25. Qg3 h6 26. Nf3 Na5 27. h4 Bxa4 28.
h5 Qh7 29. g5 hxg5 30. Bxg5 Bc2 31. Rh1 Be4 32. h6 Bxf3+ 33. Qxf3 Qe4 34. Qxe4
dxe4 35. hxg7 Kxg7 36. Bf6+ Kg6 37. Ra3 Rg8 38. Rg3+ Kf5 39. Rh5+ 1-0

[Event "12. Open de la Constitución"]
[Site "S. Sebastian de los Reyes ESP"]
[Date "2010.12.07"]
[Round "8.16"]
[White "Corisco Beltran, Rafael"]
[Black "Peñalba Blasco, Alvaro"]
[Result "1-0"]
[WhiteElo "1865"]
[BlackElo "1709"]
[PlyCount "65"]
[EventDate "2010.11.30"]
[EventType "swiss"]
[EventRounds "9"]
[EventCountry "ESP"]
[Source "lmi"]
[SourceDate "2010.11.30"]

1. e4 c5 2. Nf3 Nc6 3. d4 cxd4 4. Nxd4 a6 5. c4 g6 6. Be3 Bg7 7. Nc3 e6 8. Qd2
Qc7 9. Be2 Nge7 10. O-O O-O 11. Rac1 Nxd4 12. Bxd4 Nc6 13. Bc5 Re8 14. Kh1 b6
15. Be3 Ne5 16. b3 d6 17. f4 Nc6 18. Bf3 Bb7 19. Rfd1 Rad8 20. Na4 Qb8 21. Bxb6
Bf6 22. Bxd8 Rxd8 23. Qe3 e5 24. fxe5 Bxe5 25. Nb6 f6 26. Nd5 Rf8 27. Bg4 Bc8
28. Bxc8 Qxc8 29. c5 Qd7 30. cxd6 Qxd6 31. Rxc6 Qd8 32. Nxf6+ Rxf6 33. Rxd8+
1-0

[Event "12. Open de la Constitución"]
[Site "S. Sebastian de los Reyes ESP"]
[Date "2010.12.07"]
[Round "8.18"]
[White "Martinez Miura, Enrique"]
[Black "Molina Garcia, Francisco J"]
[Result "1/2-1/2"]
[WhiteElo "1733"]
[BlackElo "1851"]
[PlyCount "45"]
[EventDate "2010.11.30"]
[EventType "swiss"]
[EventRounds "9"]
[EventCountry "ESP"]
[Source "lmi"]
[SourceDate "2010.11.30"]

1. e4 c5 2. c4 Nc6 3. Nc3 g6 4. g3 Bg7 5. Bg2 e6 6. Nge2 Nge7 7. O-O O-O 8. d3
f5 9. f3 a6 10. Rb1 Nd4 11. Nxd4 Bxd4+ 12. Kh1 Nc6 13. Ne2 Bg7 14. Be3 b6 15.
Qd2 Bb7 16. a3 Ne5 17. b4 fxe4 18. fxe4 Qc7 19. Bf4 d6 20. Be3 Rad8 21. Nf4 Qe7
22. Bh3 Bc8 23. b5 1/2-1/2

[Event "12. Open de la Constitución"]
[Site "S. Sebastian de los Reyes ESP"]
[Date "2010.12.07"]
[Round "8.19"]
[White "De La Orden Alcocer, Alejandro"]
[Black "Benito Mellado, Humberto"]
[Result "1-0"]
[WhiteElo "1812"]
[BlackElo "1626"]
[PlyCount "70"]
[EventDate "2010.11.30"]
[EventType "swiss"]
[EventRounds "9"]
[EventCountry "ESP"]
[Source "lmi"]
[SourceDate "2010.11.30"]

1. Nf3 Nf6 2. c4 c5 3. Nc3 Nc6 4. g3 g6 5. Bg2 Bg7 6. a3 O-O 7. O-O e6 8. Qc2
d5 9. d3 d4 10. Na2 a5 11. Bd2 Qd6 12. Rfb1 Rb8 13. b4 axb4 14. axb4 b6 15. b5
Ne5 16. Nxe5 Qxe5 17. Bf4 Qh5 18. Bxb8 e5 19. Bd6 Bh3 20. Bxf8 Bxg2 21. Kxg2
Bxf8 22. Rh1 Bd6 23. e4 Ng4 24. h3 Nh6 25. Qd1 Qg5 26. h4 Qe7 27. Nc1 f5 28.
Ra8+ Kf7 29. Qf3 Ke6 30. exf5+ Nxf5 31. Qd5+ Kf6 32. Qg8 Qb7+ 33. Kh2 Qf3 34.
Rf8+ Bxf8 35. Qxf8+ Ke6 1-0

[Event "12. Open de la Constitución"]
[Site "S. Sebastian de los Reyes ESP"]
[Date "2010.12.07"]
[Round "8.22"]
[White "Martin Garcia, Francisco Javier"]
[Black "Anton Quevedo, Andrea"]
[Result "0-1"]
[WhiteElo "1651"]
[BlackElo "1406"]
[PlyCount "38"]
[EventDate "2010.11.30"]
[EventType "swiss"]
[EventRounds "9"]
[EventCountry "ESP"]
[Source "lmi"]
[SourceDate "2010.11.30"]

1. c4 e5 2. b3 Nc6 3. d3 Bb4+ 4. Nd2 Nf6 5. a3 Bc3 6. Rb1 O-O 7. Qc2 Bd4 8. e3
Bc5 9. Bb2 d5 10. cxd5 Nxd5 11. Qxc5 Be6 12. Qc2 Qf6 13. Ngf3 Rad8 14. Be2 Qg6
15. O-O Bh3 16. Ne1 f5 17. Nc4 Rfe8 18. Qd1 Qg5 19. Nf3 Qxg2# 0-1

[Event "12. Open de la Constitución"]
[Site "S. Sebastian de los Reyes ESP"]
[Date "2010.12.07"]
[Round "8.29"]
[White "Infante Martin, Alonso"]
[Black "Rodenas Riesco, Alfonso"]
[Result "1/2-1/2"]
[WhiteElo "1524"]
[BlackElo "1605"]
[PlyCount "134"]
[EventDate "2010.11.30"]
[EventType "swiss"]
[EventRounds "9"]
[EventCountry "ESP"]
[Source "lmi"]
[SourceDate "2010.11.30"]

1. d4 d5 2. Nf3 e6 3. c4 c6 4. Nc3 Nf6 5. Bg5 Be7 6. Qc2 Nbd7 7. e3 O-O 8. Bd3
h6 9. Bh4 dxc4 10. Bxc4 b5 11. Bd3 Bb7 12. O-O c5 13. Be2 a6 14. a3 Nd5 15.
Bxe7 Qxe7 16. Rfd1 cxd4 17. Nxd4 Rac8 18. Qd3 Nc5 19. Qc2 Nxc3 20. bxc3 Qf6 21.
Rac1 Ne4 22. Bd3 Nxc3 23. Rf1 Qg5 24. g3 Qd5 25. f3 Qh5 26. Qf2 e5 27. Nf5 Rc7
28. e4 Qg5 29. Rc2 Rfc8 30. Kg2 Qd8 31. Rd2 Rd7 32. Qe3 Na4 33. Rfd1 Rc3 34.
Qe2 Nb2 35. Ne7+ Qxe7 36. Rxb2 Qxa3 37. Rbd2 b4 38. Ra2 Qb3 39. Rb2 Qa4 40. Ra2
Qc6 41. Kh3 Bc8 42. g4 h5 43. Kg3 hxg4 44. Kg2 Qf6 45. fxg4 Rd6 46. h3 Qh4 47.
Rad2 Bd7 48. Qf2 Qg5 49. Bxa6 Rxa6 50. Rxd7 Raa3 51. Qxf7+ Kh7 52. Qf5+ Qxf5
53. exf5 Rxh3 54. Rh1 Rag3+ 55. Kf2 Rxh1 56. Kxg3 Rf1 57. Rb7 Rf4 58. Kh4 Rd4
59. f6 Kg8 60. Rxg7+ Kf8 61. Re7 e4 62. Kg3 b3 63. g5 b2 64. Rb7 Rd2 65. g6 Rd8
66. Rxb2 Re8 67. Re2 Re6 1/2-1/2

[Event "12. Open de la Constitución"]
[Site "S. Sebastian de los Reyes ESP"]
[Date "2010.12.08"]
[Round "9.1"]
[White "Ortega Ruiz, Jose Miguel"]
[Black "Hernando Pertierra, Jose Carlos"]
[Result "1/2-1/2"]
[WhiteElo "2260"]
[BlackElo "2394"]
[PlyCount "93"]
[EventDate "2010.11.30"]
[EventType "swiss"]
[EventRounds "9"]
[EventCountry "ESP"]
[Source "lmi"]
[SourceDate "2010.11.30"]

1. Nf3 d5 2. d4 Nf6 3. c4 c6 4. Nc3 g6 5. Bf4 Bg7 6. e3 O-O 7. h3 Ne4 8. Bd3
Bf5 9. Qc2 Qa5 10. g4 Nxc3 11. gxf5 dxc4 12. Qxc3 Qxc3+ 13. bxc3 cxd3 14. fxg6
hxg6 15. h4 Nd7 16. h5 gxh5 17. Rxh5 f6 18. Kd2 Kf7 19. Kxd3 Rh8 20. Rah1 Rxh5
21. Rxh5 Rd8 22. Ke2 Nb6 23. Ra5 Nd5 24. Rxa7 Nxc3+ 25. Kd3 Nd5 26. Rxb7 Ra8
27. Bd6 Ke6 28. Bc5 Rxa2 29. Nd2 f5 30. f3 Bf6 31. Ra7 Nb4+ 32. Ke2 Rxa7 33.
Bxa7 Bg5 34. Bc5 Nd5 35. Nc4 Bh4 36. e4 Nf4+ 37. Kd2 Bg5 38. Kc2 Ne2 39. Ne5
Ng1 40. Kd3 Nh3 41. exf5+ Kd5 42. Ng6 e6 43. Be7 exf5 44. Bxg5 Nxg5 45. f4 Nh3
46. Ke3 c5 47. dxc5 1/2-1/2

[Event "12. Open de la Constitución"]
[Site "S. Sebastian de los Reyes ESP"]
[Date "2010.12.08"]
[Round "9.2"]
[White "Roa Alonso, Santiago"]
[Black "Barez Menendez, Hector"]
[Result "1/2-1/2"]
[WhiteElo "2440"]
[BlackElo "2168"]
[PlyCount "61"]
[EventDate "2010.11.30"]
[EventType "swiss"]
[EventRounds "9"]
[EventCountry "ESP"]
[Source "lmi"]
[SourceDate "2010.11.30"]

1. d4 d5 2. c4 c6 3. Nf3 e6 4. Nc3 f5 5. g3 Nf6 6. Bg2 Bd6 7. Bf4 O-O 8. O-O b6
9. Ne5 Bb7 10. Rc1 Ne4 11. Nxe4 fxe4 12. h4 Qe7 13. f3 exf3 14. Bxf3 Nd7 15.
Nd3 e5 16. dxe5 Nxe5 17. Nxe5 Bxe5 18. e3 Bxf4 19. exf4 dxc4 20. Rxc4 Rad8 21.
Qb3 Qf7 22. Bxc6 Bxc6 23. Rxc6 Qxb3 24. axb3 Rd3 25. Rc3 Rfd8 26. Kg2 h5 27.
Rf2 Rd2 28. Re3 Rxf2+ 29. Kxf2 Rd2+ 30. Re2 Rd3 31. Re3 1/2-1/2

[Event "12. Open de la Constitución"]
[Site "S. Sebastian de los Reyes ESP"]
[Date "2010.12.08"]
[Round "9.3"]
[White "Longa Yauca, Javier"]
[Black "Cavalle Pulla, Daniel"]
[Result "1-0"]
[WhiteElo "2345"]
[BlackElo "1897"]
[PlyCount "51"]
[EventDate "2010.11.30"]
[EventType "swiss"]
[EventRounds "9"]
[EventCountry "ESP"]
[Source "lmi"]
[SourceDate "2010.11.30"]

1. d4 Nf6 2. c4 c5 3. e3 cxd4 4. exd4 d5 5. Nf3 Nc6 6. h3 g6 7. Nc3 Bg7 8. c5
O-O 9. Bb5 Ne4 10. O-O e5 11. Bxc6 Nxc3 12. bxc3 bxc6 13. dxe5 Qa5 14. Qd4 Re8
15. Bf4 Bf8 16. Be3 Rb8 17. Nd2 Rb2 18. c4 Rc2 19. Nb3 Qa3 20. cxd5 cxd5 21.
Qxd5 Be6 22. Qb7 Rxa2 23. Rxa2 Qxa2 24. Nd4 Bxc5 25. Nxe6 Bxe3 26. Nc7 1-0

[Event "12. Open de la Constitución"]
[Site "S. Sebastian de los Reyes ESP"]
[Date "2010.12.08"]
[Round "9.4"]
[White "Quevedo Marin, Manuel"]
[Black "Semprun Martinez, Fernando"]
[Result "0-1"]
[WhiteElo "2183"]
[BlackElo "2216"]
[PlyCount "72"]
[EventDate "2010.11.30"]
[EventType "swiss"]
[EventRounds "9"]
[EventCountry "ESP"]
[Source "lmi"]
[SourceDate "2010.11.30"]

1. d4 Nf6 2. c4 g6 3. Nc3 d5 4. Bf4 Bg7 5. e3 O-O 6. Rc1 Be6 7. Qb3 c5 8. dxc5
Na6 9. c6 bxc6 10. Nf3 dxc4 11. Qa3 Qb6 12. Ng5 Bd5 13. Be5 h6 14. Bd4 Qb7 15.
Nf3 Bxf3 16. Bxc4 Bxg2 17. Rg1 Nb4 18. Bxf6 exf6 19. Rxg2 c5 20. Kf1 f5 21. Qb3
Qf3 22. a3 Rab8 23. axb4 Rxb4 24. Qa2 f4 25. Bd5 Qh3 26. exf4 Rxf4 27. Ne2 Rb4
28. b3 Rg4 29. Kg1 Be5 30. Ng3 h5 31. Qe2 Re8 32. Rxc5 h4 33. Bxf7+ Kxf7 34.
Rxe5 hxg3 35. Qf3+ Kg7 36. Rxe8 gxh2+ 0-1

[Event "12. Open de la Constitución"]
[Site "S. Sebastian de los Reyes ESP"]
[Date "2010.12.08"]
[Round "9.5"]
[White "Cardenas Serrano, Sergio"]
[Black "Muñoz Sanchez, Daniel"]
[Result "1-0"]
[WhiteElo "2124"]
[BlackElo "1976"]
[PlyCount "49"]
[EventDate "2010.11.30"]
[EventType "swiss"]
[EventRounds "9"]
[EventCountry "ESP"]
[Source "lmi"]
[SourceDate "2010.11.30"]

1. d4 Nf6 2. c4 e6 3. Nc3 Bb4 4. Qc2 Nc6 5. Nf3 d6 6. Bd2 O-O 7. a3 Bxc3 8.
Bxc3 Qe7 9. e3 a5 10. Rd1 e5 11. d5 Nb8 12. e4 Nh5 13. Bd2 f5 14. Bd3 f4 15.
Be2 c6 16. dxc6 Nxc6 17. Bc3 Nf6 18. b4 Nxe4 19. Qxe4 axb4 20. Bxb4 Nxb4 21.
axb4 Ra6 22. c5 Rc6 23. Bb5 Bf5 24. Qd5+ Be6 25. cxd6 1-0

[Event "12. Open de la Constitución"]
[Site "S. Sebastian de los Reyes ESP"]
[Date "2010.12.08"]
[Round "9.6"]
[White "Anton Veiga, Juan Carlos"]
[Black "Perez Cameselle, Francisco"]
[Result "1-0"]
[WhiteElo "2098"]
[BlackElo "1882"]
[PlyCount "81"]
[EventDate "2010.11.30"]
[EventType "swiss"]
[EventRounds "9"]
[EventCountry "ESP"]
[Source "lmi"]
[SourceDate "2010.11.30"]

1. e4 e6 2. d4 d5 3. e5 c5 4. c3 Nc6 5. Nf3 Qb6 6. a3 cxd4 7. cxd4 Nge7 8. b4
Nf5 9. Bb2 Be7 10. Be2 O-O 11. Qd3 Bd7 12. Nbd2 f6 13. Nb3 fxe5 14. dxe5 Nh4
15. O-O Nxf3+ 16. Bxf3 Nxb4 17. axb4 Bb5 18. Qd1 Bxf1 19. Kxf1 Qxb4 20. Kg1 Qf4
21. Qe2 Rfe8 22. Qb5 Qb4 23. Nd4 a6 24. Qe2 Bc5 25. Rd1 Bxd4 26. Rxd4 Qc5 27.
g3 Rac8 28. Kg2 Qc2 29. Rd2 Qb3 30. Bd4 Qc4 31. Qe3 a5 32. Be2 Qc6 33. Rb2 Re7
34. Qa3 Qc7 35. Bb6 Qxe5 36. Qxe7 Qxb2 37. Qxe6+ Kf8 38. Qxc8+ Kf7 39. Qf5+ Ke8
40. Qe6+ Kf8 41. Bc5# 1-0

[Event "12. Open de la Constitución"]
[Site "S. Sebastian de los Reyes ESP"]
[Date "2010.12.08"]
[Round "9.7"]
[White "Alvarez Abejon, Amilcar"]
[Black "Camarero Izquierdo, Juan Carlos"]
[Result "1-0"]
[WhiteElo "2091"]
[BlackElo "1876"]
[PlyCount "67"]
[EventDate "2010.11.30"]
[EventType "swiss"]
[EventRounds "9"]
[EventCountry "ESP"]
[Source "lmi"]
[SourceDate "2010.11.30"]

1. e4 c5 2. Nc3 d6 3. f4 g6 4. Nf3 Bg7 5. Bb5+ Bd7 6. Bc4 Nf6 7. d3 Nc6 8. O-O
O-O 9. Qe1 a6 10. Qh4 b5 11. Bb3 Bg4 12. f5 c4 13. dxc4 bxc4 14. Ba4 Bxf3 15.
Bxc6 Qb6+ 16. Qf2 Qxc6 17. Qxf3 Rab8 18. Rb1 Rb7 19. Bg5 Rfb8 20. Nd5 Qa4 21.
fxg6 hxg6 22. Nxe7+ Rxe7 23. Bxf6 Bxf6 24. Qxf6 Rbb7 25. b3 Qxa2 26. Ra1 Qxc2
27. Rxa6 Qxe4 28. bxc4 Qe3+ 29. Kh1 Rbc7 30. Rxd6 Qe2 31. h3 Rb7 32. c5 Rb5 33.
Rd8+ Re8 34. Qxf7+ 1-0

[Event "12. Open de la Constitución"]
[Site "S. Sebastian de los Reyes ESP"]
[Date "2010.12.08"]
[Round "9.8"]
[White "Esquivias Gomez, Fco. Javier"]
[Black "Castejon Caballero, Andres"]
[Result "1/2-1/2"]
[WhiteElo "2015"]
[BlackElo "2088"]
[PlyCount "109"]
[EventDate "2010.11.30"]
[EventType "swiss"]
[EventRounds "9"]
[EventCountry "ESP"]
[Source "lmi"]
[SourceDate "2010.11.30"]

1. g3 d5 2. d4 g6 3. Bg2 Bg7 4. Nf3 Nf6 5. O-O O-O 6. Nbd2 b5 7. Ne5 Bb7 8. c4
Nfd7 9. Nxd7 Qxd7 10. cxd5 Bxd5 11. e4 Bb7 12. Nb3 Na6 13. Na5 Rab8 14. Nxb7
Rxb7 15. e5 Rbb8 16. a4 Rfd8 17. axb5 Nb4 18. Qa4 Rxb5 19. Be3 a5 20. Rfc1 c6
21. Bf1 Rbb8 22. Rc5 Nd5 23. Bc1 Rb4 24. Qd1 Nc7 25. Be3 Rxb2 26. Rcxa5 h5 27.
Qc1 Rb7 28. h4 Ne6 29. Bg2 Nxd4 30. Bxd4 Qxd4 31. Qxc6 Rb2 32. Rf1 Bxe5 33. Rd5
Rxd5 34. Bxd5 Bd6 35. Qe8+ Kh7 36. Qxf7+ Qg7 37. Qe6 Rd2 38. Qf7 Qxf7 39. Bxf7
Kg7 40. Be6 Bc5 41. Bh3 Kf6 42. Kg2 e5 43. g4 e4 44. gxh5 gxh5 45. Kg3 Bd6+ 46.
Kg2 Ke5 47. Kg1 Kf4 48. Bd7 Bc5 49. Be8 Kg4 50. Bg6 Re2 51. Bf7 Kxh4 52. Bc4
Rxf2 53. Rxf2 Kg3 54. Be2 Bxf2+ 55. Kh1 1/2-1/2

[Event "12. Open de la Constitución"]
[Site "S. Sebastian de los Reyes ESP"]
[Date "2010.12.08"]
[Round "9.9"]
[White "Rodrigo Yanguas, Maria"]
[Black "Quintero Torres, Pedro"]
[Result "1-0"]
[WhiteElo "2070"]
[BlackElo "1971"]
[PlyCount "117"]
[EventDate "2010.11.30"]
[EventType "swiss"]
[EventRounds "9"]
[EventCountry "ESP"]
[Source "lmi"]
[SourceDate "2010.11.30"]

1. e4 c5 2. Nf3 e6 3. d4 cxd4 4. Nxd4 Nc6 5. Nc3 Nf6 6. a3 d5 7. exd5 exd5 8.
Be2 Be7 9. O-O O-O 10. Bf4 a6 11. Bf3 Bd6 12. Bg5 Be5 13. Nb3 d4 14. Ne4 Bf5
15. Nbc5 Bxe4 16. Nxe4 h6 17. Nxf6+ Bxf6 18. Bxf6 Qxf6 19. Qd2 Rac8 20. Rad1
Rfd8 21. Rfe1 Re8 22. h3 Rxe1+ 23. Rxe1 Rd8 24. a4 Qd6 25. Rd1 Qc7 26. Be4 Qb6
27. b3 Re8 28. Qf4 Qc5 29. Qf5 Qxf5 30. Bxf5 Re5 31. Bg4 Rc5 32. Rd2 g6 33. Bf3
Rc3 34. Kf1 d3 35. Rxd3 Rxc2 36. Rd7 b5 37. axb5 axb5 38. Bd5 Rc1+ 39. Ke2 Rc2+
40. Kd1 Rc5 41. Bxf7+ Kf8 42. Bxg6 Ne5 43. Rd6 Ke7 44. Rb6 Rc3 45. f4 Nxg6 46.
Rxg6 Rxb3 47. h4 Rb2 48. h5 Rf2 49. g3 b4 50. Rxh6 b3 51. Kc1 Rg2 52. Rg6 Kf7
53. g4 Rf2 54. f5 Rg2 55. h6 Rh2 56. g5 Rf2 57. Rg7+ Kf8 58. f6 Rc2+ 59. Kb1
1-0

[Event "12. Open de la Constitución"]
[Site "S. Sebastian de los Reyes ESP"]
[Date "2010.12.08"]
[Round "9.10"]
[White "Alvarez Gonzalez, Eduardo"]
[Black "Aziz Ortego, Omar Luis"]
[Result "0-1"]
[WhiteElo "1885"]
[BlackElo "2056"]
[PlyCount "142"]
[EventDate "2010.11.30"]
[EventType "swiss"]
[EventRounds "9"]
[EventCountry "ESP"]
[Source "lmi"]
[SourceDate "2010.11.30"]

1. d4 e6 2. c4 b6 3. Nc3 Bb7 4. e4 Bb4 5. Qc2 Nf6 6. Bd3 Nc6 7. Nf3 d5 8. e5
dxc4 9. Bxc4 Nd5 10. Bxd5 exd5 11. O-O Qd7 12. Re1 Nd8 13. a3 Be7 14. b4 a6 15.
Be3 O-O 16. Ng5 Bxg5 17. Bxg5 Qg4 18. Be3 f5 19. f4 Ne6 20. Qf2 Rad8 21. Ne2
Rd7 22. Red1 h6 23. Kh1 Bc6 24. Nc3 Bb7 25. Ne2 Kh7 26. h3 Qh5 27. Kh2 g5 28.
g3 Rg7 29. Rg1 Bc6 30. Nc3 Qe8 31. Rac1 Kg8 32. Qa2 Qa8 33. Qc2 Be8 34. a4 c5
35. bxc5 bxc5 36. Qd2 c4 37. Rb1 Bc6 38. Rb6 Kh7 39. Rgb1 Rfg8 40. Qb2 gxf4 41.
gxf4 Qe8 42. Qc2 Qh5 43. Qf2 Rg4 44. Qf3 Rg1 45. Qf2 R1g4 46. Qf1 Rg3 47. Rxc6
Rf3 48. Rxe6 Rxf1 49. Rxf1 Qh4 50. Rf3 Qe1 51. Nxd5 Rb8 52. Rg3 c3 53. Rg1 Rb2+
54. Rg2 Rxg2+ 55. Kxg2 Qe2+ 56. Kg3 c2 57. Rc6 Qe1+ 58. Kf3 Qh1+ 59. Ke2 Qxd5
60. Rxc2 Qa5 61. Rc5 Qxa4 62. d5 a5 63. d6 Kg6 64. e6 Qa2+ 65. Kf3 Qxe6 66. Rb5
Qe4+ 67. Kf2 Qc2+ 68. Kf3 Qc6+ 69. Kf2 Qxb5 70. Bd4 Kf7 71. Be5 Ke6 0-1

[Event "12. Open de la Constitución"]
[Site "S. Sebastian de los Reyes ESP"]
[Date "2010.12.08"]
[Round "9.11"]
[White "Castejon Caballero, Natalia"]
[Black "Corisco Beltran, Rafael"]
[Result "1/2-1/2"]
[WhiteElo "2079"]
[BlackElo "1865"]
[PlyCount "132"]
[EventDate "2010.11.30"]
[EventType "swiss"]
[EventRounds "9"]
[EventCountry "ESP"]
[Source "lmi"]
[SourceDate "2010.11.30"]

1. e4 c5 2. c3 d5 3. exd5 Qxd5 4. d4 Nc6 5. Nf3 Bg4 6. Be2 cxd4 7. cxd4 e6 8.
O-O Nf6 9. h3 Bh5 10. Nc3 Qa5 11. Qb3 Qb4 12. Qxb4 Bxb4 13. Nb5 O-O 14. Rd1 a6
15. Nc3 Rfd8 16. Be3 Rac8 17. Rac1 h6 18. Na4 Nd5 19. a3 Be7 20. Nc5 Rc7 21. b4
Rdc8 22. Nxb7 Nxe3 23. fxe3 Nxb4 24. Nc5 Bxc5 25. dxc5 Nd5 26. e4 Nf6 27. Bxa6
Ra8 28. Bd3 Rxa3 29. Bb1 Bg6 30. Rc4 Ra5 31. Rdc1 Rc6 32. Ne5 Rc7 33. g4 Kf8
34. Kg2 Ke7 35. Kf3 Ra3+ 36. R1c3 Rxc3+ 37. Rxc3 Nd7 38. Nxd7 Kxd7 39. Ke3 e5
40. Bc2 f6 41. Ba4+ Ke7 42. Kd3 Bf7 43. Bb5 Be6 44. Kc2 Bf7 45. Bd3 h5 46. Kb2
hxg4 47. hxg4 Be6 48. Be2 g6 49. Ka3 f5 50. gxf5 gxf5 51. exf5 Bxf5 52. Kb4 e4
53. Kb5 Bd7+ 54. Ka5 Kf6 55. Bb5 Bxb5 56. Kxb5 Ke5 57. c6 Kd4 58. Rc4+ Kd3 59.
Rc5 e3 60. Rd5+ Kc2 61. Kb6 Rxc6+ 62. Kxc6 e2 63. Rc5+ Kd2 64. Rd5+ Kc2 65. Re5
Kd2 66. Rd5+ Kc2 1/2-1/2

[Event "12. Open de la Constitución"]
[Site "S. Sebastian de los Reyes ESP"]
[Date "2010.12.08"]
[Round "9.12"]
[White "Vidaurre, Luis Alberto"]
[Black "Al-Zarif, Bassam"]
[Result "1/2-1/2"]
[WhiteElo "1856"]
[BlackElo "1712"]
[PlyCount "46"]
[EventDate "2010.11.30"]
[EventType "swiss"]
[EventRounds "9"]
[EventCountry "ESP"]
[Source "lmi"]
[SourceDate "2010.11.30"]

1. d4 d5 2. Nf3 Nf6 3. e3 c5 4. Be2 Nc6 5. O-O Bf5 6. dxc5 e6 7. b3 Bxc5 8. Bb2
a6 9. a4 Be7 10. h3 Qc7 11. Na3 Rd8 12. Bd3 Be4 13. Qe2 O-O 14. Rac1 Bxd3 15.
cxd3 Qb6 16. Nd2 Rc8 17. Nc2 Rfe8 18. Kh1 Nd7 19. f4 Nb4 20. Nxb4 Bxb4 21. Nf3
Rc6 22. Nd4 Rcc8 23. Nf3 Rc6 1/2-1/2

[Event "12. Open de la Constitución"]
[Site "S. Sebastian de los Reyes ESP"]
[Date "2010.12.08"]
[Round "9.13"]
[White "Garcia Martinez, Jorge"]
[Black "De La Orden Alcocer, Alejandro"]
[Result "0-1"]
[WhiteElo "1752"]
[BlackElo "1812"]
[PlyCount "98"]
[EventDate "2010.11.30"]
[EventType "swiss"]
[EventRounds "9"]
[EventCountry "ESP"]
[Source "lmi"]
[SourceDate "2010.11.30"]

1. e4 c5 2. Nf3 e6 3. b3 d5 4. exd5 exd5 5. Bb5+ Nc6 6. Bxc6+ bxc6 7. O-O Bd6
8. Bb2 f6 9. Nh4 Ne7 10. Qh5+ g6 11. Qh6 Kf7 12. Nc3 Qf8 13. Qxf8+ Rxf8 14. Ba3
Nf5 15. Nxf5 Bxf5 16. Rac1 Rfe8 17. g3 Rad8 18. d3 c4 19. Bxd6 Rxd6 20. dxc4
dxc4 21. Nd1 Bh3 22. Ne3 Bxf1 23. Kxf1 cxb3 24. Nc4 Rd4 25. cxb3 Red8 26. Ne3
R8d6 27. Kg2 Ke7 28. h4 h5 29. g4 hxg4 30. h5 Kf7 31. h6 Kg8 32. Nc4 Re6 33.
Na5 Rd2 34. Nxc6 Rxa2 35. Nb4 Rae2 36. Ra1 Kh7 37. Rxa7+ Kxh6 38. Rb7 R6e3 39.
Nd5 Rf3 40. Rc7 Rfxf2+ 41. Kg1 g3 42. Rc1 Rg2+ 43. Kh1 Rh2+ 44. Kg1 Ref2 45. b4
Rf5 46. Ne3 Rf4 47. b5 Rb2 48. Nd5 Rf5 49. Nc7 g2 0-1

[Event "12. Open de la Constitución"]
[Site "S. Sebastian de los Reyes ESP"]
[Date "2010.12.08"]
[Round "9.14"]
[White "Aragon Gutierrez, Alejandro"]
[Black "Molina Garcia, Francisco J"]
[Result "0-1"]
[WhiteElo "1745"]
[BlackElo "1851"]
[PlyCount "60"]
[EventDate "2010.11.30"]
[EventType "swiss"]
[EventRounds "9"]
[EventCountry "ESP"]
[Source "lmi"]
[SourceDate "2010.11.30"]

1. d4 Nf6 2. Nf3 g6 3. g3 Bg7 4. Bg2 O-O 5. c4 d6 6. O-O Nbd7 7. Nc3 e5 8. e4
a6 9. h3 b5 10. cxb5 axb5 11. dxe5 dxe5 12. Nxb5 Ba6 13. Nc3 Bxf1 14. Kxf1 Qe7
15. Qc2 Rfb8 16. Be3 Qb4 17. b3 c5 18. Nd2 Nb6 19. a3 Rxa3 20. Na2 Qb5+ 21. Kg1
Rba8 22. Nb1 Rxb3 23. Nac3 Qb4 24. Rxa8+ Nxa8 25. Qa2 Nc7 26. Bd2 Ne6 27. Kh2
Nd4 28. Nd5 Qb8 29. Ndc3 Rb2 30. Qa5 Nb3 0-1